000
00291nam a2200133Ia 4500
008
230312s9999||||xx |||||||||||||| ||und||
082
_a
891.4
_b
QUD-S
100
_a
Qudsia, Bano
245
0
_a
Shaher-e-bai Masal
260
_b
SangeMeel
300
_a
272
650
_a
Literature
942
_c
BK
999
_c
8805
_d
8805